[Event "GRE-ch U10"]
[Site "Peristeri"]
[Date "2023.07.06"]
[Round "6"]
[White "Ioannidis, Konstantinos I"]
[Black "Katsamanis, Andreas"]
[Result "1-0"]
[WhiteElo "1361"]
[BlackElo "1130"]
[PlyCount "35"]
[EventDate "2023.07.03"]
[EventType "swiss"]
[EventRounds "9"]
[EventCountry "GRE"]
[SourceTitle "EXT 2024"]
[Source "ChessBase"]
[SourceDate "2023.10.10"]
[SourceVersion "1"]
[SourceVersionDate "2023.10.10"]
[SourceQuality "1"]

1. d4 Nf6 2. c4 g6 3. Nc3 Bg7 4. e4 d6 5. Be2 0-0 6. Be3 e5 7. d5 c6 8. g4 Qa5 9. Bd2 Qb6 10. g5 Ne8 11. h4 f6 12. Bg4 fxg5 13. c5 Qc7 14. Bxc8 Qxc8 15. Bxg5 dxc5 16. h5 h6 17. dxc6 hxg5 18. Qd5+ 1-0